Linear multivariable control theory (Record no. 12414)

000 -LEADER
fixed length control field 00538nam a22002057a 4500
001 - CONTROL NUMBER
control field 12414
003 - CONTROL NUMBER IDENTIFIER
control field BD-DhUET
008 - FIXED-LENGTH DATA ELEMENTS--GENERAL INFORMATION
fixed length control field 150225s1981 ii a|||| |||| 001 0 eng d
020 ## - INTERNATIONAL STANDARD BOOK NUMBER
International Standard Book Number 0074515128
040 ## - CATALOGING SOURCE
Transcribing agency 0
Modifying agency BD-DhUET
082 ## - DEWEY DECIMAL CLASSIFICATION NUMBER
Classification number 629.432
Item number APT/1981
100 ## - MAIN ENTRY--PERSONAL NAME
Personal name Apte Y. S.
245 ## - TITLE STATEMENT
Title Linear multivariable control theory
250 ## - EDITION STATEMENT
Edition statement 1st ed.
260 ## - PUBLICATION, DISTRIBUTION, ETC. (IMPRINT)
Place of publication, distribution, etc. New Delhi
Name of publisher, distributor, etc. Tata McGraw-Hill
Date of publication, distribution, etc. 1981
300 ## - PHYSICAL DESCRIPTION
Extent xii, 164 p.
Other physical details ill.
Dimensions 25 cm.
504 ## - BIBLIOGRAPHY, ETC. NOTE
Bibliography, etc Includes bibliographies
650 #0 - SUBJECT ADDED ENTRY--TOPICAL TERM
Topical term or geographic name as entry element Multivariable control theory
942 ## - ADDED ENTRY ELEMENTS (KOHA)
Koha item type General Book
Holdings
Koha date last seen Source of classification or shelving scheme Koha item type Location (home branch) Koha full call number Damaged status Price effective from Piece designation (barcode) Copy number Withdrawn status Date acquired Koha normalized classification for sorting Not for loan Sublocation or collection (holding branch) Lost status Shelving location
2015-02-25 General BookCentral Library, BUET629.432/APT/1981 2015-02-25584241 2015-02-25629_432000000000000_APT_1981 Central Library, BUET Circulation section
2015-02-25 General BookCentral Library, BUET629.432/APT/1981 2015-02-25584282 2015-02-25629_432000000000000_APT_1981 Central Library, BUET Cataloging section
2015-02-25 General BookCentral Library, BUET629.432/APT/1981 2015-02-25584273 2015-02-25629_432000000000000_APT_1981 Central Library, BUET Circulation section
2015-02-25 General BookCentral Library, BUET629.432/APT/1981 2015-02-25584264 2015-02-25629_432000000000000_APT_1981 Central Library, BUET Circulation section
2015-02-25 General BookCentral Library, BUET629.432/APT/1981 2015-02-25584255 2015-02-25629_432000000000000_APT_1981 Central Library, BUET Circulation section
2015-02-25 General BookCentral Library, BUET629.432/APT/1981 2015-02-25584226 2015-02-25629_432000000000000_APT_1981 Central Library, BUET Circulation section
2015-02-25 General BookCentral Library, BUET629.432/APT/1981 2015-02-25584237 2015-02-25629_432000000000000_APT_1981 Central Library, BUET Circulation section
2015-05-07 General BookCentral Library, BUET629.432/APT/1981 2015-05-07 584208 2015-05-07629_432000000000000_APT_1981 Central Library, BUET Circulation section